| 000 | 01052cam a2200265 4500 | ||
|---|---|---|---|
| 008 | 970304 1996 1 | ||
| 020 | _a0951486675 | ||
| 035 | _a(Sirsi) u69998 | ||
| 041 | 0 | _aeng | |
| 050 | 0 | 4 | _a692.8 $2 18 |
| 110 | 2 |
_aKing's College London _bCentre of Construction Law and Management _92173 |
|
| 245 | 0 | 0 | _aSecurity for payment |
| 260 |
_aLondon _bConstruction Law Press _c1996 |
||
| 300 |
_axxxiii, 278p. _c21cm. |
||
| 350 | _a18.99 | ||
| 490 |
_aConstruction Law Press Contemporary Issues in Construction Law Series _v1 |
||
| 520 | _aA collection of papers by specialists on all aspects of security for payment in the construction industry including the pari passu distribution rule, bonds and guarantees, Canadian practice and the JCT retention trust. | ||
| 650 | 2 | 4 | _aPARI PASSU RULE |
| 651 | 4 | _aInternational | |
| 690 | _aBUILT ENVIRONMENT-CONSTRUCTION MANAGEMENT-BUILDING CONTRACT ADMINISTRATION | ||
| 700 | 1 |
_aDavis, Richard _eEditor |
|
| 700 | 1 |
_aOdams, A. Martin _eEditor |
|
| 942 | _n0 | ||
| 948 | _c04/03/1997 | ||
| 999 |
_c95265 _d95265 |
||